| 000 | 00000nam 2200000zi 4500 |
| 001 | 9.915895 |
| 003 | CaOODSP |
| 005 | 20230207133127 |
| 006 | m o d f |
| 007 | cr cn||||||||| |
| 008 | 221003t20222022quca o f000 0 fre d |
| 020 | |a9780660456881 |
| 040 | |aCaOODSP|bfre|erda|cCaOODSP |
| 043 | |an-cn--- |
| 086 | 1 |aEn4-492/2022F-PDF |
| 245 | 00|aExceptions pour les pailles flexibles en plastique à usage unique. |
| 264 | 1|a[Gatineau, Québec] : |bEnvironnement et changement climatique Canada = Environment and Climate Change Canada, |c2022. |
| 264 | 4|c©2022 |
| 300 | |a1 ressource en ligne (2 pages) : |billustrations |
| 336 | |atexte|btxt|2rdacontent/fre |
| 337 | |ainformatique|bc|2rdamedia/fre |
| 338 | |aressource en ligne|bcr|2rdacarrier/fre |
| 500 | |aPublié aussi en anglais sous le titre : Exceptions for single-use plastic flexible straws. |
| 650 | 6|aMatières plastiques|xPolitique gouvernementale|zCanada. |
| 710 | 1 |aCanada. |bEnvironnement et changement climatique Canada, |eorganisme de publication. |
| 775 | 08|tExceptions for single-use plastic flexible straws.|w(CaOODSP)9.915890 |
| 856 | 40|qPDF|s1.58 Mo|uhttps://publications.gc.ca/collections/collection_2023/eccc/En4-492-2022-fra.pdf |
| 986 | |aEC22035 |